000 01435cam a2200337 a 4500
001 4961010
003 NUST-PNEC
005 20170116180738.0
008 970220s1997 caua 001 0 eng
010 _a 97006052
020 _a1571690891
020 _a818710578X
040 _aDLC
_cPNEC
_dDLC
050 0 0 _aQA76.76.O63
_bS55873 1997
082 0 0 _a005.7
_221
100 1 _aSimon, Richard J.
245 1 0 _aWindows NT Win32 API SuperBible /
_cRichard J. Simon.
246 1 4 _aWaite Group Windows NT Win32 API SuperBible
246 1 8 _aSuperBible Windows NT Win32 API
260 _aCorte Madera, CA :
_bWaite Group Press,
_cc1997.
300 _axv, 1510 p. :
_bill. ;
_c24 cm.
500 _aIncludes index.
538 _aSystem requirements for accompanying computer disc: IBM compatible PC; Windows 95, Windows NT 4 or later; Windows 95 or Windows NT 4.0, ANSI-compatible C/C++ 32-bit compiler.
630 0 0 _aMicrosoft Windows NT.
630 0 0 _aMicrosoft Win32.
650 0 _aOperating systems (Computers)
_xComputer, MIS
856 _uhttp://www.amazon.com/Windows-Win32-SuperBible-Other-Sams/dp/1571690891/ref=sr_1_1?s=books&ie=UTF8&qid=1417421342&sr=1-1&keywords=WINDOWS+NT+WIN32+API
906 _a7
_bcbc
_corignew
_d1
_eocip
_f19
_gy-gencatlg
942 _2ddc
_cBK
999 _c62039
_d62039